| 000 | 00240nam a22000857a 4500 | ||
|---|---|---|---|
| 999 |
_c23628 _d23628 |
||
| 003 | Nust | ||
| 005 | 20170526161632.0 | ||
| 008 | 131220b xxu||||| |||| 00| 0 eng d | ||
| 020 | _cAvailable | ||
| 040 |
_aDLC _bDLC _cRCMS |
||
| 082 | _a070 SHA | ||
| 100 |
_aDr. Shafiq ,Jalandri _9150 |
||
| 245 |
_aSahafat aur iblagh (Urdu) _cJalandri,Dr.Shafiq |
||
| 260 |
_aLahore _bA one Publisher _cc 2008. |
||
| 300 |
_a368,p: _bill: _c22,cm. |
||
| 538 | _iShelf # 13, Row # 3, Fiction. | ||
| 650 |
_aJournalism _9144 |
||
| 856 | _3Table of Content Only | ||
| 942 |
_2ddc _cFIC |
||